00702 2200265 4500001002100000008004100021035002000062245004600082100001900128110002000147260002400167300001200191020001800203084001400221082000800235650002700243990002100270990001900291990002100310990002100331990002100352990002100373990002100394990002100415INLIS000000000001136 ind  a0010-0724001136 aBelimbing-Belimbing ManiscYudi Triantoro aYudi Triantoro aTriantoro, Yudi aSurabayabSICc2007 a32 hlm. a979.9910.54.4 a634 YUD b a634 aPerkebunan Buah-buahan aP29/CP/24/1136.1 aP29/CP/24/1136 aP29/CP/24/1136.2 aP29/CP/24/1136.3 aP29/CP/24/1136.4 aP29/CP/24/1136.5 aP29/CP/24/1136.6 aP29/CP/24/1136.7